| 000 | 00553nam a2200181Ia 4500 | ||
|---|---|---|---|
| 003 | GCL | ||
| 008 | 140319s9999 xx 000 0 ara d | ||
| 040 |
_aGCL / _cGCL |
||
| 082 | 0 | 4 |
_a813.01 _bع ى |
| 100 | 1 | _aكبار الادباء | |
| 245 | 1 | 0 |
_aيوسف ادريس بقلم هؤلاء (هدية من الاديب عبدالفتاح الجمل) / _cكبار الادباء |
| 300 | _a394 ص | ||
| 490 | _a | ||
| 650 | 0 | 4 | _aالادب العربى |
| 650 | 0 | 4 | _aالمقالات العربية |
| 650 | 0 | 4 | _aيوسف ادريس |
| 942 |
_2ddc _cBK |
||
| 999 |
_c40043 _d40043 |
||